Statistiken für Spanisch Tiere

Klicken Sie hier um das Quiz zu spielen!

Allgemein

  • Dieses Quiz wurde 46 mal gespielt
    (37 seit der letzten Aktualisierung)
  • Das Durchschnittsergebnis liegt bei 14 aus 137

Antwortstatistiken

DeutschSpanisch% Korrekt
Die Katzeel gato
91%
Der Hund
el perro
59%
Der Löweel león
59%
Der Tigerel tigre
55%
Der Elefantel elefante
41%
Das Pferdel caballo
36%
Die Kuhla vaca
36%
Der Vogelel pájaro/el ave
32%
Der Schmetterlingla mariposa/la vanesa
27%
Das Schweinel cerdo
23%
Das Huhnel pollo
23%
Die Anakondala anaconda
23%
Das Zebrala cebra
23%
Der Lemurel lémur
18%
Der Leopardel leopardo
18%
Der Panda-Bärel panda/la panda
18%
Der Pinguinel pingüino
18%
Die Spinnela araña
18%
Die Giraffela jirafa
18%
Der Fischla pez
18%
Die Antilopeel antílope
14%
Der Gorillael gorila
14%
Der Wolfel lobo
14%
Der Makiel makí
14%
Der Affeel mono
14%
Die Stechmückeel mosquito
14%
Die Enteel pato
14%
Der Pythonel pitón
14%
Die Mausel ratón
14%
Der Lachsel salmón
14%
Der Haiel tiburón
14%
Der Fuchsel zorro
14%
Der Walla ballena/el cetáceo
14%
Die Schildkrötela tortuga
14%
Der Gepard
el guepardo/la onza
9%
Der Eselel asno/el burro
9%
Der Thunfischel atún/el bonito
9%
Der Dorschel bacalao/el abadejo
9%
Der Pottwalel cachalote
9%
Der Krebsel cangrejo
9%
Die Schneckeel caracol
9%
Der Biberel castor
9%
Der Hechtel lucio
9%
Der Mandrillel mandril
9%
Das Okapiel okapi
9%
Der Eisbärel oso polar/el oso blanco
9%
Der Barschel perca/la cabrilla
9%
Die Krakeel pulpo
9%
Das Yakel yac
9%
Die Bienela abeja
9%
Der Aalla anguila
9%
Der Blauwalla ballena azul
9%
Der Buckelwalla ballena jorobada/el gubarte
9%
Die Schlangela culebra/la serpiente
9%
Die Robbela foca
9%
Die Gazellela gacela
9%
Die Muränela morena
9%
Der Froschla rana
9%
Die Rattela rata
9%
Der Salamanderla salamandra
9%
Die Forellela trucha
9%
Der Otterla víbora/la nutria
9%
Der Widder
el carnero/'el morueco
5%
Der Grashüpfer
el saltamontes/la langosta
5%
Der Elchel alce
5%
Der Lurchel anfibio
5%
Der Hermelinel armiño
5%
Das Kalbel becerro/el ternero
5%
Der Ochseel buey
5%
Der Büffelel búfalo
5%
Der Geierel buitre/el zamuro
5%
Das Seepferdchenel caballito de mar
5%
Das Kamelel camello
5%
Der Schimpanseel chimpancé
5%
Die Wanzeel chinche/el heteróptero
5%
Der Rothirschel ciervo
5%
Der Schwanel cisne
5%
Das Krokodilel cocodrilo
5%
Das Lammel cordero/el chiporro
5%
Der Rabeel cuervo
5%
Der Mopsel doguillo
5%
Die Bartagameel dragón barbudo
5%
Der Igelel erizo
5%
Der Seeigelel erizo de mar
5%
Der Käferel escarabajo
5%
Der Fasanel faisán
5%
Der Hahnel gallo
5%
Die Gansel ganso/la oca
5%
Der Grizzly-Bärel grizzli
5%
Das Frettchenel hurón/la hurona
5%
Der Tausendfüßlerel miriópodo/el ciempiés
5%
Die Fledermausel murciélago
5%
Der Braunbärel oso pardo/el oso común
5%
Der Spechtel pájaro carpintero
5%
Der Papageiel papagayo/el loro
5%
Das Rotkehlchenel pardillo/el petirrojo
5%
Der Schäferhundel pastor alemán
5%
Der Truthahnel pavo
5%
Der Pfauel pavo real
5%
Die Lausel piojo
5%
Das Kükenel polluelo
5%
Das Fohlenel potro
5%
Das Stachelschweinel puercospín
5%
Die Gämseel rebeco/la gamuza
5%
Das Nashornel rinoceronte
5%
Die Heuschreckeel saltamontes/el cigarrón
5%
Die Kröteel sapo/el escuerzo
5%
Der Dachsel tejón
5%
Das Rindel vacuno
5%
Der Adlerla águila
5%
Das Eichhörnchenla ardilla
5%
Die Wespela avispa
5%
Die Hornissela avispón
5%
Die Ziegela cabra
5%
Das Kaninchenla coneja
5%
Die Krähela corneja
5%
Die Natterla culebra
5%
Die Xanthippela furia
5%
Die Hennela gallina
5%
Die Zeckela garrapata
5%
Der FischreiherLa garza real
5%
Die Möwela gaviota
5%
Der KranichLa grulla
5%
Der Leguanla iguana
5%
Die Eulela lechuza
5%
Die Libellela libélula
5%
Der Hasela liebre
5%
Der Mantisla mantis
5%
Das Murmeltierla marmota
5%
Das Stinktierla mofeta
5%
Die Fliegela mosca
5%
Die Raupela oruga
5%
Das Schafla oveja
5%
Der Flohla pulga
5%
Die Feuerkehlelfe (Der Glutkehl-Kolibri)el colibrí ardiente
0%
Die Schnepfela chocha perdiz
0%
Das Rebhuhnla perdiz
0%

Verteilung der Resultate

Perzentil nach korrekt beantworteten Fragen

Anzahl Personen mit jedem Resultat

Ihre Resultats-Entwicklung

Sie haben dieses Quiz seit der letzten Aktualisierung nicht gespielt